000 00354nam a2200145Ia 4500
008 150201s1997 xx 000 0 und d
082 _a616.462
_bM97L
100 _aLESLIE, R.D.G.
245 _aMOLECULAR PATHOGENESIS OF DIABETES MELLITUS
250 _a1ST
260 _bKARGER
_aBASEL
_c1997
300 _a1-228
650 _aDIABETES
942 _2ddc
_cBK
999 _c1758
_d1758